| 000 | 00760nam a2200205 a 4500 | ||
|---|---|---|---|
| 001 | 000010862 | ||
| 005 | 20200929162316.0 | ||
| 008 | 091012s1982 sp 000 0 spa d | ||
| 020 | _a8400050541 | ||
| 040 |
_aDO-SdBNP _bspa _cBNPHU |
||
| 082 |
_axxx _bxxxx |
||
| 100 | 1 |
_aMarchena Fernández, Juan _926198 |
|
| 245 | 1 | 0 |
_aLa institución militar en Cartagena de Indias en el siglo XVIII / _cJuan Marchena Fernández. |
| 260 |
_aSevilla, España : _bEscuela de Estudios Hispano-Americanos, _c1982. |
||
| 300 |
_a506 p. ; _c25 cm. |
||
| 490 | 1 | _aPublicaciones de Escuela de Estudios Hispano-Americanos | |
| 500 | _aIncluye notas al pie de las páginas | ||
| 500 | _aIncluye índice | ||
| 830 | 0 |
_aPublicaciones de Escuela de Estudios Hispano-Americanos _926199 |
|
| 999 |
_c10611 _d10611 |
||